| 000 -LEADER |
| fixed length control field |
01967cam a2200325 a 4500 |
| 001 - CONTROL NUMBER |
| control field |
15892708 |
| 005 - DATE AND TIME OF LATEST TRANSACTION |
| control field |
20170124102754.0 |
| 008 - FIXED-LENGTH DATA ELEMENTS--GENERAL INFORMATION |
| fixed length control field |
090903s2010 enka b 001 0 eng |
| 010 ## - LIBRARY OF CONGRESS CONTROL NUMBER |
| LC control number |
2009036832 |
| 020 ## - INTERNATIONAL STANDARD BOOK NUMBER |
| International Standard Book Number |
9780415778909 (hardback : alk. paper) |
| 020 ## - INTERNATIONAL STANDARD BOOK NUMBER |
| International Standard Book Number |
9780415778916 (pbk. : alk. paper) |
| 020 ## - INTERNATIONAL STANDARD BOOK NUMBER |
| International Standard Book Number |
0415778905 (hardback) |
| 020 ## - INTERNATIONAL STANDARD BOOK NUMBER |
| International Standard Book Number |
0415778913 (pbk.) |
| 043 ## - GEOGRAPHIC AREA CODE |
| Geographic area code |
a-ja--- |
| 050 00 - LIBRARY OF CONGRESS CALL NUMBER |
| Classification number |
NA1555.6 .B86 2010 |
| 100 1# - MAIN ENTRY--PERSONAL NAME |
| Personal name |
Buntrock, Dana, |
| Dates associated with a name |
1958- |
| 245 10 - TITLE STATEMENT |
| Title |
Materials and meaning in contemporary Japanese architecture : |
| Remainder of title |
tradition and today / |
| Statement of responsibility, etc. |
Dana Buntrock. |
| 246 30 - VARYING FORM OF TITLE |
| Title proper/short title |
Tradition and today |
| 260 ## - PUBLICATION, DISTRIBUTION, ETC. (IMPRINT) |
| Place of publication, distribution, etc. |
Milton Park, Abingdon, Oxon ; |
| -- |
New York, NY : |
| Name of publisher, distributor, etc. |
Routledge, |
| Date of publication, distribution, etc. |
2010. |
| 300 ## - PHYSICAL DESCRIPTION |
| Extent |
xi, 275 p. : |
| Other physical details |
col. ill. ; |
| Dimensions |
29 cm. |
| 504 ## - BIBLIOGRAPHY, ETC. NOTE |
| Bibliography, etc |
Includes bibliographical references (p. 245-260) and index. |
| 505 0# - FORMATTED CONTENTS NOTE |
| Formatted contents note |
Pt. 1. Black blood red to palest pink. 1. Neolithic Daddy -- 2. Lamune Hot Springs -- 3. Kengo Kkuma : from Pomo to Paulownia -- 4. Murai Museum : subtle setting for a shabby studio -- 5. Outlandish amateur, polished professional : comparing the approaches of Terunobu Fujimori and Kengo Kuma -- Pt. 2. Radical reds. 6. Looking back at Japan's Radical reds : Team Zoo -- Pt. 3. Reluctant regionalists. 7. Remaking the landscape of Kotohira Shrine -- 8. Fumihiko Maki, ancient Izumo and Oku -- 9.Jun Aoki's Aomori Museum of Art -- 10. Reluctant reds. |
| 650 #0 - SUBJECT ADDED ENTRY--TOPICAL TERM |
| Topical term or geographic name as entry element |
Architecture and society |
| Geographic subdivision |
Japan |
| General subdivision |
History |
| Chronological subdivision |
21st century. |
| 942 ## - ADDED ENTRY ELEMENTS (KOHA) |
| Source of classification or shelving scheme |
|
| Koha item type |
Hard Covered Materials |
| Classification part |
NA1555.6 .B86 2010 |